Monash high technology precinct strategy /

Uloženo v:
Podrobná bibliografie
Hlavní autor: Boddy, Martin
Korporativní autor: Urban Spatial & Economic Consultants
Médium: Kniha
Jazyk:English
Vydáno: [Melbourne : Policy and Strategic Planning Branch, Ministry for Planning and Environment?], 1988.
Témata:
LEADER 01163nam a2200289 a 4500
001 c000013703
003 CARM
005 00000000000000.0
008 970421s1988 vrab s00000 eng d
019 1 |a 6233890  |5 LACONCORD2021 
035 |a (OCoLC)220419540  |5 LACONCORD2021 
040 |a VU  |c VU 
042 |a anuc 
043 |a u-at-vi 
100 1 |a Boddy, Martin. 
245 1 0 |a Monash high technology precinct strategy /  |c M. Boddy in conjunction with U.S.E. Consultants Pty. Ltd. 
260 |a [Melbourne :  |b Policy and Strategic Planning Branch, Ministry for Planning and Environment?],  |c 1988. 
300 |a 50 leaves :  |b maps ;  |c 30 cm. 
610 2 0 |a Monash University. 
650 0 |a Research, Industrial  |z Victoria  |z Clayton. 
650 0 |a Research institutes  |z Victoria  |z Clayton. 
650 0 |a High technology industries  |z Victoria  |z Clayton. 
710 2 |a Urban Spatial & Economic Consultants. 
852 8 |b CARM  |h A2:AH15C1  |i D02125  |p 0046228  |f BK 
082 0 4 |a 338.6042  |2 21 
999 f f |i dd9e2fb4-223f-52f1-8df8-37476b1531dd  |s 7423c726-7fdc-5ff6-b4ae-d27fb8580b64 
952 f f |p Can circulate  |a CAVAL  |b CAVAL  |c CAVAL  |d CARM 1 Store  |e D02125  |f A2:AH15C1  |h Other scheme  |i book  |m 0046228